| 000 | 00680nam a2200217 a 4500 | ||
|---|---|---|---|
| 005 | 20140311163003.0 | ||
| 008 | 970101s19uu xx 00 eng d | ||
| 020 | _a0534190863 | ||
| 050 |
_aHM 258 _b.M3745 1993 |
||
| 100 | _aBiagi,Shirley | ||
| 245 |
_aMedia/Reader : _bperspectives on mass media,industries, effects, and issues / _cShirley Biagi. |
||
| 250 | _a2nd ed. | ||
| 260 |
_aBelment, CA : _bWadsworth Pub., _c1993. |
||
| 300 |
_axvi, 340 p., _c 24 cm. |
||
| 500 | _aIncludes bibliographical references and index. | ||
| 521 | _aMC | ||
| 650 |
_aMass media _xSocial aspects |
||
| 650 |
_aMass media _xSocial aspects _xU.S. |
||
| 942 |
_cBK _2lcc _kFOR |
||
| 999 |
_c39254 _d39254 |
||